000 00437nam a22001217a 4500
082 _a220 PRO
100 _aGC TALHA ABID NC KAINAT KHAN NC HIBA TUR REHMAN NC HAJRA ABDUL GHAFOOR
_971165
245 _aPR-SOF-1732-SCENE ANALYSIS AND VIDEO TAGGING
260 _aISLAMABAD
_bNUST COLLEGE OF EME
_c2018
650 _a DE-COMP-36 DECLASS
_971166
700 _aPROJECT SUPERVISORS DR SHOAB AHMED KHAN DR. WASI HAIDER BUTT
_971167
942 _cCR
999 _c577838
_d577838